[Event "Belgrade ChessAmateur op 5th"]
[Site "Belgrade"]
[Date "2019.01.04"]
[Round "1"]
[White "Molnar, Laszlo"]
[Black "Mirkovic, Ratko"]
[Result "1-0"]
[WhiteElo "2195"]
[BlackElo "1636"]
[PlyCount "67"]
[EventDate "2019.01.04"]
[EventType "swiss"]
[EventRounds "9"]
[EventCountry "SRB"]
[SourceTitle "CBM 188 Extra"]
[Source "ChessBase"]
[SourceDate "2019.02.28"]
[SourceVersion "1"]
[SourceVersionDate "2019.02.28"]
[SourceQuality "1"]

1. Nf3 Nc6 2. d4 d5 3. c4 Nf6 4. Nc3 e6 5. g3 Bb4 6. Bg2 Ne4 7. Qc2 Qf6 8. 0-0 Bxc3 9. bxc3 0-0 10. Bf4 Qe7 11. cxd5 exd5 12. c4 Nb4 13. Qc1 Be6 14. a3 Na6 15. Rd1 c6 16. c5 Nc7 17. Nd2 f5 18. Nxe4 fxe4 19. Bd6 Qf7 20. Bxf8 Rxf8 21. Qe3 Ne8 22. Rab1 Nf6 23. f3 Bc8 24. Rf1 Qh5 25. g4 Qh4 26. fxe4 Qxg4 27. e5 Re8 28. Qf4 Qxf4 29. Rxf4 Nh5 30. Rh4 g6 31. Bh3 Bxh3 32. Rxh3 Nf4 33. Re3 Kf7 34. Rf3 1-0

[Event "Belgrade-ch sf"]
[Site "Belgrade"]
[Date "2017.01.26"]
[Round "4"]
[White "Mirkovic, Ratko"]
[Black "Vujosevic, Dimitrije"]
[Result "0-1"]
[WhiteElo "1707"]
[BlackElo "1774"]
[PlyCount "73"]
[EventDate "2017.01.23"]
[EventType "swiss"]
[EventRounds "7"]
[EventCountry "SRB"]
[SourceTitle "CBM 176 Extra"]
[Source "ChessBase"]
[SourceDate "2017.03.02"]
[SourceVersion "1"]
[SourceVersionDate "2017.03.02"]
[SourceQuality "1"]

1. d4 Nf6 2. c4 e6 3. Nc3 Bb4 4. Qc2 c5 5. Nf3 Nc6 6. e3 cxd4 7. exd4 d5 8. Be2 dxc4 9. Bxc4 0-0 10. Be3 Nd5 11. Ng5 f5 12. 0-0 Nxe3 13. Nxe6 Nxc2 14. Nxd8+ Kh8 15. Nxc6 Bxc3 16. Rac1 bxc6 17. Rxc2 Bxd4 18. Rd1 Bf6 19. Rd6 c5 20. b3 Bb7 21. Rd7 Be4 22. Rcd2 Rfd8 23. f3 Bd4+ 24. R2xd4 cxd4 25. Rxd8+ Rxd8 26. fxe4 fxe4 27. Kf2 g5 28. g4 Kg7 29. b4 Kf6 30. a4 Ke5 31. a5 Rc8 32. Bb3 Rc3 33. Bg8 Rc2+ 34. Kg1 d3 35. Kf1 Rxh2 36. a6 Rb2 37. b5 0-1

[Event "Belgrade-ch sf"]
[Site "Belgrade"]
[Date "2017.01.25"]
[Round "3"]
[White "Isakovic, Vuk"]
[Black "Mirkovic, Ratko"]
[Result "0-1"]
[WhiteElo "1230"]
[BlackElo "1707"]
[PlyCount "80"]
[EventDate "2017.01.23"]
[EventType "swiss"]
[EventRounds "7"]
[EventCountry "SRB"]
[SourceTitle "CBM 176 Extra"]
[Source "ChessBase"]
[SourceDate "2017.03.02"]
[SourceVersion "1"]
[SourceVersionDate "2017.03.02"]
[SourceQuality "1"]

1. e4 e5 2. Nf3 Nc6 3. Bc4 Bc5 4. Nc3 Nf6 5. d3 h6 6. Be3 Qe7 7. 0-0 0-0 8. Na4 Bxe3 9. fxe3 a6 10. Nc3 b5 11. Bb3 Na5 12. Ne2 Nxb3 13. axb3 Bb7 14. h3 d5 15. exd5 Nxd5 16. Qd2 Rad8 17. e4 Nb4 18. Rab1 Bxe4 19. Ng3 Bxf3 20. Rxf3 e4 21. Re3 f5 22. Ree1 Qc5+ 23. Kh1 Nxc2 24. Rbc1 exd3 25. Rf1 Qe5 26. Rf3 f4 27. Rxd3 Rxd3 28. Qxd3 fxg3 29. Qxc2 Rf2 30. Qd3 c5 31. Qd8+ Kh7 32. Qd3+ g6 33. Rf1 Qf5 34. Qxf5 gxf5 35. Ra1 Rxb2 36. Kg1 Rxb3 37. Kf1 c4 38. Ke2 Rb2+ 39. Kf3 b4 40. Rxa6 Rd2 0-1

[Event "Belgrade-ch sf"]
[Site "Belgrade"]
[Date "2017.01.23"]
[Round "1"]
[White "Eric, Jovana"]
[Black "Mirkovic, Ratko"]
[Result "1-0"]
[WhiteElo "2199"]
[BlackElo "1707"]
[PlyCount "42"]
[EventDate "2017.01.23"]
[EventType "swiss"]
[EventRounds "7"]
[EventCountry "SRB"]
[SourceTitle "CBM 176 Extra"]
[Source "ChessBase"]
[SourceDate "2017.03.02"]
[SourceVersion "1"]
[SourceVersionDate "2017.03.02"]
[SourceQuality "1"]

1. e4 e5 2. Nf3 Nc6 3. Bc4 Bc5 4. 0-0 Nf6 5. d3 h6 6. Bb3 0-0 7. c3 d6 8. h3 Qe7 9. Nbd2 Be6 10. Re1 Rad8 11. Nf1 Bb6 12. Ng3 Bxb3 13. axb3 d5 14. Qe2 Rfe8 15. Nf5 Qe6 16. N3h4 dxe4 17. dxe4 Na5 18. Qf3 Kh7 19. b4 g5 20. Nxh6 Kxh6 21. Bxg5+ Kxg5 1-0

[Event "Belgrade Trophy 30th"]
[Site "Belgrade"]
[Date "2016.11.29"]
[Round "6"]
[White "Ozen, Deniz"]
[Black "Mirkovic, Ratko"]
[Result "1-0"]
[WhiteElo "2165"]
[BlackElo "1674"]
[PlyCount "41"]
[EventDate "2016.11.24"]
[EventType "swiss"]
[EventRounds "9"]
[EventCountry "SRB"]
[SourceTitle "CBM 175 Extra"]
[Source "ChessBase"]
[SourceDate "2016.12.12"]
[SourceVersion "1"]
[SourceVersionDate "2016.12.12"]
[SourceQuality "1"]

1. e4 Nc6 2. Nf3 e6 3. d4 d5 4. exd5 exd5 5. Bb5 Nf6 6. 0-0 Be7 7. Ne5 Bd7 8. Nc3 a6 9. Ba4 b5 10. Bb3 Na5 11. Bxd5 Nxd5 12. Nxd5 0-0 13. Nxe7+ Qxe7 14. Re1 Qd8 15. d5 f6 16. Nd3 Bf5 17. Nc5 Re8 18. Rxe8+ Qxe8 19. Bf4 Qe7 20. d6 cxd6 21. Qd5+ 1-0

[Event "Novi Sad Serbian op"]
[Site "Novi Sad"]
[Date "2016.11.07"]
[Round "3"]
[White "Mirkovic, Ratko"]
[Black "Nilsson, Lars Kjoller"]
[Result "0-1"]
[WhiteElo "1674"]
[BlackElo "1974"]
[PlyCount "104"]
[EventDate "2016.11.06"]
[EventType "swiss"]
[EventRounds "9"]
[EventCountry "SRB"]
[SourceTitle "CBM 175 Extra"]
[Source "ChessBase"]
[SourceDate "2016.12.12"]
[SourceVersion "1"]
[SourceVersionDate "2016.12.12"]
[SourceQuality "1"]

1. d4 Nf6 2. c4 Nc6 3. d5 Ne5 4. Qc2 e6 5. f4 Bb4+ 6. Nc3 Ng6 7. e4 Bxc3+ 8. bxc3 d6 9. Nf3 exd5 10. cxd5 Qe7 11. Bd3 Nxd5 12. g3 0-0 13. 0-0 Nf6 14. Ba3 c5 15. Rae1 Qc7 16. e5 Nd5 17. Be4 Nb6 18. c4 dxe5 19. fxe5 Be6 20. Bd3 Rad8 21. Ng5 Rfe8 22. Nxe6 Rxe6 23. Bb2 Nf8 24. Bf5 Re7 25. e6 fxe6 26. Be5 Qc6 27. Be4 Qe8 28. Bf4 Rf7 29. a4 Qxa4 30. Qg2 Qxc4 31. Bxb7 Nd5 32. Bg5 Qd4+ 33. Kh1 Nf6 34. Be3 Qb4 35. Rb1 Qc3 36. Bg1 Rd2 37. Qc6 Qd3 38. Qxc5 Rxb7 39. Rbe1 Qd5+ 40. Qxd5 exd5 41. Re3 d4 42. Ref3 N8d7 43. g4 Nxg4 44. Rf7 Ngf6 45. Re7 Nc5 46. Re5 Nd3 47. Ra5 Ne4 48. Raf5 g6 49. Rf8+ Kg7 50. Bxd4+ Kh6 51. Be3+ Kh5 52. R8f3 Re2 0-1

[Event "Novi Sad Serbian op"]
[Site "Novi Sad"]
[Date "2016.11.06"]
[Round "1"]
[White "Mirkovic, Ratko"]
[Black "Kuzmin, Yuriy"]
[Result "0-1"]
[WhiteElo "1674"]
[BlackElo "2236"]
[PlyCount "70"]
[EventDate "2016.11.06"]
[EventType "swiss"]
[EventRounds "9"]
[EventCountry "SRB"]
[SourceTitle "CBM 175 Extra"]
[Source "ChessBase"]
[SourceDate "2016.12.12"]
[SourceVersion "1"]
[SourceVersionDate "2016.12.12"]
[SourceQuality "1"]

1. d4 Nf6 2. c4 e6 3. Nc3 Bb4 4. Bg5 c5 5. Nf3 cxd4 6. Nxd4 Bxc3+ 7. bxc3 Qa5 8. Bd2 Ne4 9. Qc2 Nxd2 10. Qxd2 0-0 11. e4 Nc6 12. Nb3 Qc7 13. Be2 b6 14. 0-0 Ne5 15. Qd4 Ba6 16. f4 Bxc4 17. Bxc4 Nxc4 18. Rad1 Rac8 19. Rf3 f6 20. Qxd7 e5 21. Qe6+ Qf7 22. Qxf7+ Rxf7 23. f5 Nb2 24. Rd2 Na4 25. Rfd3 Nxc3 26. Rd8+ Rxd8 27. Rxd8+ Rf8 28. Rd7 a5 29. Rb7 a4 30. Nd2 Rd8 31. Nc4 Nxe4 32. Kf1 h5 33. Nxb6 Rd1+ 34. Ke2 Nc3+ 35. Kf2 Rd4 0-1

[Event "Belgrade Spring op"]
[Site "Belgrade"]
[Date "2010.03.26"]
[Round "4"]
[White "Djurovic, Dusan"]
[Black "Mirkovic, Ratko"]
[Result "0-1"]
[WhiteElo "1662"]
[BlackElo "1961"]
[PlyCount "45"]
[EventDate "2010.03.23"]
[EventType "swiss"]
[EventRounds "9"]
[EventCountry "YUG"]
[SourceTitle "CBM 135 Extra"]
[Source "ChessBase"]
[SourceDate "2010.05.04"]
[SourceVersion "1"]
[SourceVersionDate "2010.05.04"]
[SourceQuality "1"]

1. f4 Nc6 2. d4 d5 3. Nf3 Nf6 4. e3 Bf5 5. c4 e6 6. a3 Be7 7. c5 0-0 8. Bd3 Ne4 9. 0-0 a5 10. Qc2 Rc8 11. Bd2 b6 12. b4 Nxd2 13. Bxf5 Nxf1 14. Bxh7+ Kh8 15. Kxf1 axb4 16. Nbd2 Bf6 17. Ra2 bxa3 18. Rxa3 Nb4 19. Qb1 Rb8 20. Rb3 Na6 21. Qc2 Qe7 22. Ne5 Bxe5 23. fxe5 0-1

[Event "Belgrade Spring op"]
[Site "Belgrade"]
[Date "2010.03.25"]
[Round "3"]
[White "Mirkovic, Ratko"]
[Black "Pusonja, Nikola"]
[Result "0-1"]
[WhiteElo "1961"]
[BlackElo "1791"]
[PlyCount "102"]
[EventDate "2010.03.23"]
[EventType "swiss"]
[EventRounds "9"]
[EventCountry "YUG"]
[SourceTitle "CBM 135 Extra"]
[Source "ChessBase"]
[SourceDate "2010.05.04"]
[SourceVersion "1"]
[SourceVersionDate "2010.05.04"]
[SourceQuality "1"]

1. Nf3 c5 2. c4 Nc6 3. Nc3 e5 4. d3 g6 5. Bg5 f6 6. Bh4 Bg7 7. Nd5 Nce7 8. Qa4 a6 9. e4 Nxd5 10. exd5 Rb8 11. Be2 Qc7 12. 0-0 Nh6 13. Nd2 0-0 14. Ne4 d6 15. f4 exf4 16. Be1 f5 17. Ng5 Bxb2 18. Rb1 Bf6 19. Ne6 Bxe6 20. dxe6 Qe7 21. Bf3 Be5 22. Bd5 Ng4 23. Qd7 Bf6 24. Rxf4 Kg7 25. Qxe7+ Bxe7 26. Bc3+ Bf6 27. Bxf6+ Nxf6 28. Rb6 Nxd5 29. cxd5 Kf6 30. d4 cxd4 31. Rxd4 Rfc8 32. h3 Rc5 33. Rd1 Ke5 34. e7 Re8 35. Rxb7 Rxd5 36. Rc1 Kf6 37. Rcc7 Re5 38. Rc6 Re6 39. Rxa6 d5 40. Ra5 Rd6 41. Kf1 Rxe7 42. Rxe7 Kxe7 43. Ra7+ Rd7 44. Rxd7+ Kxd7 45. Kf2 Kc6 46. Ke3 Kc5 47. Kd3 g5 48. g3 h5 49. a4 h4 50. gxh4 gxh4 51. a5 Kb5 0-1

[Event "Belgrade Winter op"]
[Site "Belgrade"]
[Date "2008.01.30"]
[Round "9"]
[White "Mirkovic, Ratko"]
[Black "Danojlic, Petar"]
[Result "1-0"]
[WhiteElo "1964"]
[BlackElo "1897"]
[PlyCount "81"]
[EventDate "2008.01.22"]
[EventType "swiss"]
[EventRounds "9"]
[EventCountry "YUG"]
[SourceTitle "CBM 122 Extra"]
[Source "ChessBase"]
[SourceDate "2008.03.04"]
[SourceVersion "1"]
[SourceVersionDate "2008.03.04"]
[SourceQuality "1"]

1. c4 c5 2. Nc3 Nc6 3. g3 e5 4. Nf3 f5 5. d3 d6 6. Bg5 Be7 7. Qd2 Bxg5 8. Qxg5 Qxg5 9. Nxg5 h6 10. Nf3 Nf6 11. Nb5 Ke7 12. Bg2 a6 13. Nc3 g5 14. 0-0-0 Be6 15. e3 Rab8 16. b3 b5 17. Nxg5 Nb4 18. Nxe6 Nxd3+ 19. Rxd3 Kxe6 20. Rhd1 Rb6 21. Bh3 e4 22. R3d2 h5 23. Nd5 Nxd5 24. Rxd5 Rf8 25. cxb5 axb5 26. Kb2 b4 27. f3 exf3 28. e4 Rf6 29. Rxf5 Rxf5 30. Bxf5+ Ke5 31. Rd5+ Kf6 32. Rd3 Ke5 33. Rd5+ Kf6 34. Bh3 Kg6 35. Rf5 Rb8 36. Rxf3 Re8 37. Bf5+ Kg5 38. h4+ Kh6 39. Rd3 Rd8 40. Rd5 Kg7 41. e5 1-0

[Event "Belgrade Winter op"]
[Site "Belgrade"]
[Date "2008.01.29"]
[Round "8"]
[White "Simic, Stefan"]
[Black "Mirkovic, Ratko"]
[Result "0-1"]
[WhiteElo "1796"]
[BlackElo "1964"]
[PlyCount "83"]
[EventDate "2008.01.22"]
[EventType "swiss"]
[EventRounds "9"]
[EventCountry "YUG"]
[SourceTitle "CBM 122 Extra"]
[Source "ChessBase"]
[SourceDate "2008.03.04"]
[SourceVersion "1"]
[SourceVersionDate "2008.03.04"]
[SourceQuality "1"]

1. e4 c5 2. d4 cxd4 3. Nf3 Nc6 4. Nxd4 Nf6 5. Nc3 d6 6. Bc4 g6 7. f3 Nxd4 8. Qxd4 Bg7 9. Bb5+ Bd7 10. Qa4 a6 11. Bxd7+ Nxd7 12. Bd2 0-0 13. 0-0-0 b5 14. Qb3 Nb6 15. Nd5 Na4 16. Bc3 Nxc3 17. Nxc3 Rc8 18. Rd3 Rc5 19. Rd5 e6 20. Rxc5 dxc5 21. Rd1 Qg5+ 22. Kb1 Qxg2 23. a4 Qxf3 24. Rd3 Qh1+ 25. Rd1 Qxh2 26. axb5 axb5 27. Nxb5 Qe2 28. Qd3 Qxd3 29. Rxd3 Rb8 30. c4 h5 31. b3 g5 32. Rg3 g4 33. Kc2 Be5 34. Rg2 g3 35. Na7 Ra8 36. Nc6 Ra2+ 37. Kd3 Rxg2 38. Nxe5 h4 39. b4 cxb4 40. c5 b3 41. Nc4 b2 42. Nxb2 0-1